000 00313nam a22001337a 4500
008 170728b xxu||||| |||| 00| 0 eng d
020 _a9780789703705
041 _aeng
080 _a004
100 _a32
101 _aSHKI
245 _aWEB PUBLISHING WITH WORDPERFECT FOR WINDOWS
_cMCCOMB, G
942 _2udc
_cBK
999 _c22151
_d22151